Census Divisions of Ontario, Canada - Statistics

General Stats
  • This quiz has been taken 16 times
    15 since last reset
  • The average score is 17 of 49
Answer Stats
Region Type Answer % Correct
Eastern Single-tier Municipality Ottawa
67%
Northern District Thunder Bay
67%
Golden Horseshoe Single-tier Municipality Toronto
67%
Golden Horseshoe Regional Municipality Durham
58%
Northeastern Single-tier Municipality Greater Sudbury
58%
Golden Horseshoe Regional Municipality Niagara
58%
Northern District Sudbury
58%
Golden Horseshoe Regional Municipality York
58%
Southwestern County Bruce
50%
Southwestern Single-tier Municipality Chatham-Kent
50%
Southwestern County Essex
50%
Golden Horseshoe Single-tier Municipality Hamilton
50%
Southwestern Single-tier Municipality Brant
42%
Central County Grey
42%
Eastern County Lambton
42%
Eastern County Middlesex
42%
Northern District Nipissing
42%
Golden Horseshoe Regional Municipality Peel
42%
Eastern County Simcoe
42%
Central County Dufferin
33%
Central County Frontenac
33%
Golden Horseshoe Regional Municipality Halton
33%
Central Single-tier Municipality Kawartha Lakes
33%
Northeastern Regional Municipality Muskoka
33%
Southwestern County Northumberland
33%
Eastern County Peterborough
33%
Southwestern Regional Municipality Waterloo
33%
Southwestern County Elgin
25%
Southwestern Single-tier Municipality Haldimand-Norfolk
25%
Southwestern County Haliburton
25%
Southwestern County Hastings
25%
Northern District Kenora
25%
Southwestern County Leeds and Grenville
25%
Central County Lennox and Addington
25%
Southwestern Regional Municipality Oxford
25%
Northern District Parry Sound
25%
Central County Perth
25%
Northern District Timiskaming
25%
Southwestern County Wellington
25%
Northern District Algoma
17%
Northern District Cochrane
17%
Eastern County Huron
17%
Eastern County Lanark
17%
Northern District Manitoulin
17%
Central Single-tier Municipality Prince Edward
17%
Northern District Rainy River
17%
Central County Renfrew
17%
Eastern County Prescott and Russell
8%
Southwestern County Stormont, Dundas, and Glengarry
0%
No matching quizzes found
Score Distribution
Percent of People with Each Score
Percentile by Number Answered
Your Score History
You have not taken this quiz since the last reset